Les plus gros transferts du football - Nés en 1981 - Statistiques

Statistiques générales
  • Ce quiz a été pris 53 fois
  • Le résultat moyen est 6 sur 10
Statistiques - réponses
Montant de transfert (M €) Saison Nationalité Venant de Allant à Joueur % Correct
69,50 2009-2010 Suède Inter Barcelone Zlatan Ibrahimović
100%
27,00 2011-2012 Cameroun Inter Anzhi Samuel Eto'o
90%
27,00 2004-2005 Cameroun RCD Mallorca Barcelone Samuel Eto'o
90%
38,00 2008-2009 Bulgarie Tottenham Manchester United Dimitar Berbatov
82%
40,00 2010-2001 Espagne FC Valencia Barcelone David Villa
78%
34,50 2009-2010 Espagne Liverpool Real Madrid Xabi Alonso
71%
26,00 2006-2007 Mali Olympique Lyonnais Real Madrid Mahamadou Diarra
51%
27,20 2006-2007 Angleterre Tottenham Manchester United Michael Carrick
14%
35,90 2001-2002 Argentine River Plate Barcelone Javier Saviola
12%
31,50 2005-2006 Angleterre Manchester City Chelsea Shaun Wright-Phillips
10%
Aucun quiz correspondant
Distribution des résultats
% des personnes avec chaque résultat
Percentile par nombre de réponses
Votre historique - résultats
Vous n’avez pas pris ce quiz